What if We Stopped Pretending ? / (Record no. 184810)

MARC details
000 -LEADER
fixed length control field 00760nam a22002531i 4500
005 - DATE AND TIME OF LATEST TRANSACTION
control field 20210906093511.0
008 - FIXED-LENGTH DATA ELEMENTS--GENERAL INFORMATION
fixed length control field 210906t20192021-uk |||g ||| 000 0 eng d
020 ## - INTERNATIONAL STANDARD BOOK NUMBER
International Standard Book Number 9780008434045
Terms of availability RM 46.50
Qualifying information hardback
040 ## - CATALOGING SOURCE
Original cataloging agency PPAK
Language of cataloging eng
Transcribing agency PPAK
Description conventions rda
082 04 - DEWEY DECIMAL CLASSIFICATION NUMBER
Edition number 23
Classification number 363.7387
090 00 - LOCALLY ASSIGNED LC-TYPE CALL NUMBER (OCLC); LOCAL CALL NUMBER (RLIN)
Classification number (OCLC) (R) ; Classification number, CALL (RLIN) (NR) 363.7387
Feature heading FRA
Feature heading G
100 1# - MAIN ENTRY--PERSONAL NAME
Personal name Franzen, Jonathan
Relator term author.
245 10 - TITLE STATEMENT
Title What if We Stopped Pretending ? /
Statement of responsibility, etc. Jonathan Franzen
264 #1 - PRODUCTION, PUBLICATION, DISTRIBUTION, MANUFACTURE, AND COPYRIGHT NOTICE
Place of production, publication, distribution, manufacture London :
Name of producer, publisher, distributor, manufacturer 4th Estate,
Date of production, publication, distribution, manufacture, or copyright notice 2021.
Date of production, publication, distribution, manufacture, or copyright notice ©2021
300 ## - PHYSICAL DESCRIPTION
Extent 70 pages ;
Dimensions 19 cm.
336 ## - CONTENT TYPE
Source rdacontent
Content type term text
337 ## - MEDIA TYPE
Source rdamedia
Media type term unmediated
338 ## - CARRIER TYPE
Source rdacarrier
Carrier type term volume
650 10 - SUBJECT ADDED ENTRY--TOPICAL TERM
Topical term or geographic name entry element Climatic changes
Topical term or geographic name entry element Global environmental change
Topical term or geographic name entry element Nature
General subdivision Effect of human beings on
942 ## - ADDED ENTRY ELEMENTS (KOHA)
Source of classification or shelving scheme Dewey Decimal Classification
Koha item type Book
Holdings
Withdrawn Not for loan Current library Shelving location Date acquired Total Checkouts Full call number Barcode Date last seen Date last checked out Koha item type
    Perpustakaan Alor Setar Pinjaman Dewasa 08/09/2021 1 363.7387 FRA A01707909 17/07/2022 02/07/2022 Book
    Perpustakaan Awam Sungai Petani Pinjaman Dewasa 08/09/2021   363.7387 FRA A01707910 08/09/2021   Book
    Perpustakaan Jitra Pinjaman Dewasa 08/09/2021   363.7387 FRA A01707911 08/09/2021   Book
    Perpustakaan Kulim Pinjaman Dewasa 08/09/2021   363.7387 FRA A01707913 08/09/2021   Book
    Perpustakaan Langkawi Pinjaman Dewasa 08/09/2021   363.7387 FRA A01707912 08/09/2021   Book